the great encounter ofchina and the west, (Record no. 12948)
[ view plain ]
| 000 -LEADER | |
|---|---|
| fixed length control field | 00402nam a22001697a 4500 |
| 003 - CONTROL NUMBER IDENTIFIER | |
| control field | OSt |
| 005 - DATE AND TIME OF LATEST TRANSACTION | |
| control field | 20211015102728.0 |
| 008 - FIXED-LENGTH DATA ELEMENTS--GENERAL INFORMATION | |
| fixed length control field | 211015b |||||||| |||| 00| 0 eng d |
| 020 ## - INTERNATIONAL STANDARD BOOK NUMBER | |
| International Standard Book Number | 100742557987 |
| 040 ## - CATALOGING SOURCE | |
| Transcribing agency | hu |
| 100 ## - MAIN ENTRY--PERSONAL NAME | |
| Personal name | d.e.mungello |
| 9 (RLIN) | 13288 |
| 245 ## - TITLE STATEMENT | |
| Title | the great encounter ofchina and the west, |
| 250 ## - EDITION STATEMENT | |
| Edition statement | 3nd |
| 260 ## - PUBLICATION, DISTRIBUTION, ETC. | |
| Place of publication, distribution, etc. | america |
| Name of publisher, distributor, etc. | mun |
| Date of publication, distribution, etc. | 1920 |
| 300 ## - PHYSICAL DESCRIPTION | |
| Extent | 165/p |
| 942 ## - ADDED ENTRY ELEMENTS (KOHA) | |
| Source of classification or shelving scheme | Dewey Decimal Classification |
| Koha item type | Books like text book referance book |
| Suppress in OPAC | No |
| Withdrawn status | Lost status | Source of classification or shelving scheme | Damaged status | Not for loan | Home library | Current library | Shelving location | Date acquired | Total Checkouts | Full call number | Barcode | Date last seen | Copy number | Price effective from | Koha item type |
|---|---|---|---|---|---|---|---|---|---|---|---|---|---|---|---|
| Dewey Decimal Classification | Social Library | Social Library | General Stacks | 10/15/2021 | 303.4825/mun | SHLIB 00009766 | 10/15/2021 | 1 | 10/15/2021 | Books like text book referance book | |||||
| Dewey Decimal Classification | Social Library | Social Library | General Stacks | 10/15/2021 | 303.4825/mun | SHLIB 00009697 | 10/15/2021 | 2 | 10/15/2021 | Books like text book referance book |